000 00466nam a2200145 4500
999 _c16301
_d16301
008 211112b ||||| |||| 00| 0 eng d
022 _a0732-8435
082 _aDPer 657.05 C33 Apr - Sept 2016, v86 n4-9
245 _aFinancial instruments where are we?
260 _aNew York:
_bThe New York State Society of CPA,
_c©2016.
300 _av86 n7, pages 52-55:
_billustrations;
_c28 cm.
500 _aThe CPA Journal
650 _aFinance.
_943666
942 _2ddc
_cPER